El existencialismo y la libertad creadora (Record no. 105688)

MARC details
000 -LEADER
campo de control de longitud fija 00910nam a2200265 i 4500
001 - NÚMERO DE CONTROL
campo de control 105688
003 - IDENTIFICADOR DE NÚMERO DE CONTROL
campo de control ES-MaACL
005 - FECHA Y HORA DE LA ÚLTIMA TRANSACCIÓN
campo de control 20250715193810.0
007 - CAMPO FIJO DE DESCRIPCIÓN FÍSICA--INFORMACIÓN GENERAL
campo de control de longitud fija t|
008 - DATOS DE LONGITUD FIJA--INFORMACIÓN GENERAL
campo de control de longitud fija 060807s1949 ag ||||1| spa d
080 ## - NÚMERO DE LA CLASIFICACIÓN DECIMAL UNIVERSAL
Número de la Clasificación Decimal Universal 1 Sartre, Jean-Paul
080 ## - NÚMERO DE LA CLASIFICACIÓN DECIMAL UNIVERSAL
Número de la Clasificación Decimal Universal 141.32
100 1# - ENTRADA PRINCIPAL--NOMBRE DE PERSONA
Nombre de persona Fatone, Vicente.
9 (RLIN) 48931
245 13 - MENCIÓN DEL TÍTULO
Título El existencialismo y la libertad creadora
Resto del título : una crítica al existencialismo de Jean-Paul Sartre /
Mención de responsabilidad, etc. Vicente Fatone.
250 ## - MENCION DE EDICION
Mención de edición 2ª ed.
Resto de la mención de edición revisada por el autor.
260 ## - PUBLICACIÓN, DISTRIBUCIÓN, ETC.
Lugar de publicación, distribución, etc. Buenos Aires :
Nombre del editor, distribuidor, etc. Argos,
Fecha de publicación, distribución, etc. [1949]
300 ## - DESCRIPCIÓN FÍSICA
Extensión 188 p. ;
Dimensiones 21 cm.
490 1# - MENCIÓN DE SERIE
Mención de serie Biblioteca Argos. Los pensadores
500 ## - NOTA GENERAL
Nota general Biblioteca Juan Andrade.
600 14 - PUNTO DE ACCESO ADICIONAL DE MATERIA--NOMBRE DE PERSONA
Nombre de persona Sartre, Jean-Paul,
Fechas asociadas al nombre 1905-1980-
Subdivisión de forma Crítica e interpretación
9 (RLIN) 103900
650 14 - PUNTO DE ACCESO ADICIONAL DE MATERIA--TÉRMINO DE MATERIA
Término de materia o nombre geográfico como elemento de entrada Existencialismo.
9 (RLIN) 12679
830 0# - PUNTO DE ACCESO ADICIONAL DE SERIE-TÍTULO UNIFORME
Título uniforme Biblioteca Argos. Los pensadores
9 (RLIN) 232761
852 ## - LOCALIZACIÓN
Ubicación ES-MaACL
Número de control de estantería AND-501
Sublocalización o colección R.109814
Holdings
Estatus retirado Estado de pérdida Estado de daño No para préstamo Biblioteca de origen Biblioteca actual Ubicación en estantería Fecha de adquisición Fuente de adquisición Total de préstamos Signatura topográfica completa Código de barras Visto por última vez Precio de reemplazo Tipo de ítem Koha
        Biblioteca del Ateneo de Madrid Biblioteca del Ateneo de Madrid Depósito 2 17/01/2008     AND-501 1110340 23/02/2023 23/02/2023 Libro impreso